El derecho de autor y los derechos conexos en la industria de la musica / (Registro nro. 19219)

Detalles MARC
000 -CABECERA
Campo de control 01087cam a2200253 i 4500
005 - FECHA Y HORA DE LA ULTIMA TRANSACCION
Campo de control 20170119110300.0
008 - ELEMENTOS DE LONGITUD FIJA—INFORMACION GENERAL
Campo de control 151029s2014 ck a b 000 0 spa
040 ## - FUENTE DE CATALOGACIÓN
Agencia catalogadora original DLC
Agencia transcriptora DLC
Agencia Modificadora Co-BoIAVH
041 0# - IDIOMA
Código de idioma para texto/pista de sonido o título separado Español
044 ## - PAÍS DE PUBLICACIÓN
País de publicación Colombia
082 04 - NUMERO DE CLASIFICACION DECIMAL DEWEY
Número de clasificación 346.0482
Número del ítem M75d
100 1# - ASIENTO PRINCIPAL--NOMBRE PERSONAL
Nombre personal Monroy Rodríguez, Juan Carlos,
Término relacionado author.
9 (RLIN) 78244
245 13 - MENCION DE TITULO
Título El derecho de autor y los derechos conexos en la industria de la musica /
Mención de responsabilidad autores de los textos, Juan Carlos Monroy Rodríguez, Ximena Rojas Murcia, Johanna Sáenz Ardila y Camila Arias Ospina.
250 ## - MENCION DE EDICION
Mención de edición Primera edición.
260 ## - PUBLICACION, DISTRIBUCION, ETC. (PIE DE IMPRENTA)
Lugar de publicación, distribución, etc. Bogotá (Colombia) :
Nombre del editor, distribuidor, etc. Dirección Nacional de Derecho de Autor,
Fecha de publicación, distribución, etc. [s.f.].
300 ## - DESCRIPCION FISICA
Extensión 40 páginas :
Otros detalles físicos ilustraciones a color ;
Dimensiones 21 x 15 cm
504 ## - NOTA DE BIBLIOGRAFIA, ETC.
Nota de bibliografía Incluye referencias bibliográficas (páginas 38-39).
650 26 - ASIENTO SECUNDARIO DE MATERIA - TERMINO TEMATICO
Término temático o nombre geográfico como elemento de entrada Derecho de autor
Subdivisión general Música
Subdivisión geográfica Colombia
9 (RLIN) 78252
650 26 - ASIENTO SECUNDARIO DE MATERIA - TERMINO TEMATICO
Término temático o nombre geográfico como elemento de entrada Comercio
Subdivisión general Música
-- Legislación
Subdivisión geográfica Colombia
9 (RLIN) 78253
700 1# - ASIENTO SECUNDARIO - NOMBRE PERSONAL
Nombre personal Rojas Murcia, Ximena
Término de relación autora
9 (RLIN) 78247
700 1# - ASIENTO SECUNDARIO - NOMBRE PERSONAL
Nombre personal Sáenz Ardila, Johanna
Término de relación autora
9 (RLIN) 78248
700 1# - ASIENTO SECUNDARIO - NOMBRE PERSONAL
Nombre personal Arias Ospina, Camila
Término de relación autora
9 (RLIN) 78249
942 ## - ELEMENTOS ADICIONALES (KOHA)
Sistema de clasificación Dewey Decimal Classification
Tipo de ítem Libro
Existencias
Withdrawn status Lost status Sistema de Clasificación Damaged status No para préstamo Colección Inventariado Ubicación Permanente Ubicación actual Fecha de adquisición Fuente de Valor Valor Total Checkouts Número topográfico Inventario / Código de Barras Date last seen Ejemplar Price effective from Forma de adquisición Tipo de material
    Dewey Decimal Classification     General Inventariado 2017 Bogotá Bogotá 19/01/2017 Instituto 39000.00   LB-346.0482 M75d 040919 19/01/2017 Ej. 1 19/01/2017 Donación Libro